00000000nam 2200000zi 4500
0019.896856
003CaOODSP
00520250107144055
006m     o  d f      
007cr |n|||||||||
008210223s1983    oncd    obs  f000 0|eng d
040 |aCaOODSP|beng|erda|cCaOODSP
043 |an-cn---
0861 |aC23-198/1983E-PDF
24500|aElectronics industry : |bhousehold electrical appliances industries : statistical summary 1983.
264 1|aOttawa, Ontario : |bDepartment of Regional Industrial Expansion, Electronics and Aerospace Branch, Sector Analysis Division, |c[1983]
300 |a1 online resource (66 pages) : |bcharts
336 |atext|btxt|2rdacontent
337 |acomputer|bc|2rdamedia
338 |aonline resource|bcr|2rdacarrier
500 |aDigitized edition from print [produced by Innovation, Science and Economic Development Canada].
500 |aIssued also in French under title: L'industrie électronique : les industries des appareils électroménagers : résumé des statistiques, 1983.
504 |aIncludes bibliographical references.
650 0|aElectronic industries|zCanada|vStatistics.
650 0|aElectric industries|zCanada|vStatistics.
655 7|aStatistics|2lcgft
7101 |aCanada. |bDepartment of Regional Industrial Expansion, |eissuing body.
77508|tL'industrie électronique : |w(CaOODSP)9.936398
85640|qPDF|s1.81 MB|uhttps://publications.gc.ca/collections/collection_2024/isde-ised/c23/C23-198-1983-eng.pdf